000 00307nam a2200121Ia 4500
008 190722s9999 xx 000 0 und d
020 _a978-81-203-4827-1
100 _aDeitel & Deitel
245 0 _aC How to Program
260 _aNew Delhi
_bPHI Learning Pvt. Ltd. (India)
_c2013
300 _a947
942 _cBK
999 _c187
_d187